| 000 | 00952nam a2200241 a 4500 | ||
|---|---|---|---|
| 001 | 81202 | ||
| 003 | BD-RjUL | ||
| 005 | 20230211153512.0 | ||
| 008 | 230211s2013 bg a|||| m||| 00| 0 eng d | ||
| 035 | _a(BD-RjUL)81202 | ||
| 040 |
_aBD-RjUL _beng _cBD-RjUL _dBD-RjUL |
||
| 041 | _aeng | ||
| 082 |
_223 _a372.09 _bMUC 2013 |
||
| 100 |
_aMunira, Serajum _96932 |
||
| 245 | 1 | 0 |
_aCohesive Approach to Primary Education in Bangladesh : _bIssues and Challenges / _cSerajum Munira _6Supervisor : Sheikh Kabir Uddin Haider |
| 260 |
_aRajshahi : _bInstitute Bangladesh Studies,University of Rajshahi _c2013 |
||
| 300 |
_a[4], xxviii, 200 leaves : _bill.; _c29 cm. |
||
| 502 | _aThesis(Ph.D.)-- Institute Bangladesh Studies,University of Rajshahi,2013 | ||
| 504 | _aBibliography : Leaves 182-187 | ||
| 650 |
_aPrimary Education _xHistory & Geographic treatment _zBangladesh _96933 |
||
| 700 |
_aHaider, Sheikh Kabir Uddin, Supervisor _96934 |
||
| 942 |
_2ddc _cTHE |
||
| 999 |
_c81202 _d81202 |
||